Γεωμορφολογικές ενδείξεις ρευμάτων πυθμένα στο στενό του Καφηρέα : πτυχιακή εργασία

Αποθηκεύτηκε σε:
Λεπτομέρειες βιβλιογραφικής εγγραφής
Κύριος συγγραφέας: Στέφα, Ελισάβετ
Συγγραφή απο Οργανισμό/Αρχή: Πανεπιστήμιο Αιγαίου Σχολή Περιβάλλοντος Τμήμα Επιστημών της Θάλασσας
Μορφή: Thesis Βιβλίο
Γλώσσα:Greek
Δημοσίευση: 2014.
Θέματα:
Διαθέσιμο Online:http://hdl.handle.net/11610/7357
Ετικέτες: Προσθήκη ετικέτας
Δεν υπάρχουν, Καταχωρήστε ετικέτα πρώτοι!

MARC

LEADER 00000cam a2200000 i 4500
001 1/64401
008 150120s2014 gr | ||| |||| ||gre||
035 |l 10120577 
040 |a GR-MyUa  |b gre  |e AACR2 
041 0 |a gre 
082 7 |a 551.47   |2 (22) 
100 1 |a Στέφα, Ελισάβετ. 
245 1 0 |a Γεωμορφολογικές ενδείξεις ρευμάτων πυθμένα στο στενό του Καφηρέα :   |b πτυχιακή εργασία /   |c Στέφα Ελισάβετ ; επιβλέπων καθηγητής: Χασιώτης Θωμάς. 
260 |c 2014. 
300 |a 4σ σ. :   |b εικ., πίν. ;   |c 30 εκ. 
502 |a Πτυχιακή εργασία – Πανεπιστήμιο Αιγαίου, Λέσβος, 2014. 
650 0 |a Coasts  |z Greece  |z Euboea Island. 
650 0 |a Littoral drift. 
650 0 |a Sedimentation and deposition  |z Greece  |z Euboea Island. 
650 0 |a Marine geophysics. 
650 0 |a Sedimentary basins. 
650 0 |a Dissertations, Academic  |z Greece. 
700 1 |a Χασιώτης, Θωμάς,  |e dgs 
710 2 |a Πανεπιστήμιο Αιγαίου  |b Σχολή Περιβάλλοντος  |b Τμήμα Επιστημών της Θάλασσας. 
852 |a INST  |b LESVOS  |c DIATR  |e 20150120  |h 839  |p 005100056249  |q 005100056249  |t DIE  |y 23 
852 |a INST  |b LESVOS  |c DIATR  |e 20150120  |h 840  |p 005100056248  |q 005100056248  |t DIE  |y 23 
856 |u http://hdl.handle.net/11610/7357 
901 |a BIBL1-2015-1 
924 |a Στέφα  |b Ελισάβετ  |y Λέσβος  |z 2014-11 
970 |a ΤΖΑΦΕΡΗ  |b ΕΥΑΓΓΕΛΙΑ  |z 2015/01/20